Statistics for Countries that invaded Gambia in 2017

Click here to take the quiz!

General Stats

  • This quiz has been taken 75 times
  • The average score is 4 of 5

Answer Stats

ContinentCountry% Correct
AfricaSenegal
94%
AfricaMali
79%
AfricaNigeria
72%
AfricaGhana
65%
AfricaTogo
56%

Score Distribution

Percentile by Number Answered

Percent of People with Each Score

Your Score History

You have not taken this quiz